Contestants With the Most Challenge Wins on Dragula - Statistics

General Stats
  • This quiz has been taken 53 times
    15 since last reset
  • The average score is 5 of 6
Answer Stats
Wins Answer % Correct
4 Victoria Elizabeth Black
100%
4 Evah Destruction
86%
4 HoSo Terra Toma
86%
3 Landon Cider
79%
3 Asia Consent
71%
3 Majesty
57%
No matching quizzes found
Score Distribution
Percent of People with Each Score
Percentile by Number Answered
Your Score History
You have not taken this quiz since the last reset